00535nam a2200145Ia 4500008004100000082002000041100002800061245007000089260002200159300001100181440005000192650003600242952009400278999001700372120622s9999 xx 000 0 und d a353.50972 R666r aRobledo Santiago, Edgar aRevolución mexicana y seguridad social / Edgar Robledo Santiago aMéxico : [s.n.] a332 p. aObras del profesor Edgar Robledo Santiago ; 2 a1. SEGURIDAD SOCIAL - MEXICOÌ 00104070a22b22d2007-01-25l0o353.50972 R666Rp01 009096r2012-06-24w2012-06-24yLB c59185d59185